000 01108nam a2200193 a 4500
008 120416s1995 ||||||||||||||||| || u
020 _a0070490457
050 _aQA 76 Ole
100 _aO`Leary, T. J
245 1 0 _aMcGraw-Hill computing essentials
250 _aannual ed.
260 _aNew York
_bMcGraw-Hill
_c1995
350 _a0.00
995 _aBINDERY (DAMAGED)
_D0.00
_e733706
_FCBU-MAIN LIBRARY (Kitwe)
_H1
_I38.00
_jQA 76 Ole
_M2
_UDAMAGED
_y45695
_ZMain Library Open Access Collection
995 _aMAIN LIBRARY OPEN ACCESS
_D0.00
_e733707
_FCBU-MAIN LIBRARY (Kitwe)
_H3
_I38.00
_jQA 76 Ole
_M1
_UDAMAGED
_WApr 24, 2006
_y45697
_ZMain Library Open Access Collection
995 _aBINDERY (DAMAGED)
_D0.00
_e733708
_FCBU-MAIN LIBRARY (Kitwe)
_H2
_I38.00
_jQA 76 Ole
_M3
_UDAMAGED
_y45694
_ZMain Library Open Access Collection
995 _aBINDERY (DAMAGED)
_D0.00
_e733710
_FCBU-MAIN LIBRARY (Kitwe)
_H5
_I38.00
_jQA 76 Ole
_M5
_UDAMAGED
_y45696
_ZMain Library Open Access Collection
995 _aBINDERY (DAMAGED)
_D0.00
_e733709
_FCBU-MAIN LIBRARY (Kitwe)
_H4
_I38.00
_jQA 76 Ole
_M4
_UDAMAGED
_y45693
_ZMain Library Open Access Collection
999 _c82787
_d82787